| Tag |
First Indicator |
Second Indicator |
Subfields |
| LEADER |
00000pam a2200000 a 4500 |
| 001 |
in00000088750 |
| 005 |
20151008063229.0 |
| 008 |
820212s1982 nyu 00011 eng |
| 010 |
|
|
|a 81048242
|
| 020 |
|
|
|a 0151191530 :
|c $11.95
|
| 035 |
|
|
|a (OCoLC)08221433
|
| 035 |
|
|
|9 AAK1833AM
|
| 040 |
|
|
|a DLC
|c DLC
|d TXA
|d UtOrBLW
|
| 049 |
|
|
|a TXAM
|c [A23330594]
|
| 050 |
0 |
0 |
|a PS3573.A425
|b C6 1982
|
| 082 |
0 |
|
|a 813/.54
|2 19
|
| 100 |
1 |
|
|a Walker, Alice,
|d 1944-
|
| 245 |
1 |
4 |
|a The color purple :
|b a novel /
|c by Alice Walker.
|
| 250 |
|
|
|a 1st ed.
|
| 264 |
|
1 |
|a New York :
|b Harcourt Brace Jovanovich,
|c [1982]
|
| 264 |
|
4 |
|c ©1982
|
| 300 |
|
|
|a 245 pages ;
|c 22 cm.
|
| 336 |
|
|
|a text
|b txt
|2 rdacontent
|
| 337 |
|
|
|a unmediated
|b n
|2 rdamedia
|
| 338 |
|
|
|a volume
|b nc
|2 rdacarrier
|
| 999 |
|
|
|a MARS
|
| 999 |
f |
f |
|s 42965b72-2d67-312c-8932-a820395c8fbb
|i a3eea5c8-0ea7-3682-9f70-4c0a308c2d1a
|t 0
|
| 952 |
f |
f |
|p normal
|a Texas A&M University
|b College Station
|c Sterling C. Evans Library
|s Evans stk
|d Evans: Library Stacks
|t 0
|e PS3573.A425 C6 1982
|h Library of Congress classification
|i unmediated -- volume
|m A14823330594
|
| 998 |
f |
f |
|a PS3573.A425 C6 1982
|t 0
|l Evans: Library Stacks
|